000 00246nam a2200109Ia 4500
008 190216s9999||||xx |||||||||||||| ||und||
100 _aAbhyankar K.D
245 0 _aAstrophysics
260 _bUniversity Press
_c2001
300 _a543p
942 _cBK
999 _c33806
_d33806